El Alcázar. (Record no. 21632)

MARC details
000 -LEADER
campo de control de longitud fija 00833nam a2200205 i 4500
001 - NÚMERO DE CONTROL
campo de control 21632
003 - IDENTIFICADOR DE NÚMERO DE CONTROL
campo de control ES-MaACL
005 - FECHA Y HORA DE LA ÚLTIMA TRANSACCIÓN
campo de control 20240522120157.0
007 - CAMPO FIJO DE DESCRIPCIÓN FÍSICA--INFORMACIÓN GENERAL
campo de control de longitud fija t|
008 - DATOS DE LONGITUD FIJA--INFORMACIÓN GENERAL
campo de control de longitud fija 021126s1939 sp ||||1| spa d
245 03 - MENCIÓN DEL TÍTULO
Título El Alcázar.
260 ## - PUBLICACIÓN, DISTRIBUCIÓN, ETC.
Lugar de publicación, distribución, etc. [¿Madrid?] :
Nombre del editor, distribuidor, etc. Editora Nacional,
Fecha de publicación, distribución, etc. 1939 (
Lugar de fabricación/manufactura Bilbao :
Fabricante Arte)
300 ## - DESCRIPCIÓN FÍSICA
Extensión 23 h. con fotograbs. ;
Dimensiones 25 cm.
505 8# - NOTA DE CONTENIDO CON FORMATO
Nota de contenido con formato Contiene: Pórtico. Romance del Alcázar al Tajo. A Toledo destruída / por Luis Felipe Vivanco. Primera resistencia. El general Moscardó. El asedio del Alcázar / por Fernández Collado. La destrucción de la ciudad. Oración por los caídos.
651 #4 - PUNTO DE ACCESO ADICIONAL DE MATERIA--NOMBRE GEOGRÁFICO
Nombre geográfico Toledo-
Subdivisión general Historia-
Subdivisión cronológica 1936-1939.
9 (RLIN) 9445
700 0# - ENTRADA AGREGADA--NOMBRE PERSONAL
Nombre de persona Vivanco, Luis Felipe,
Fechas asociadas al nombre 1907-1975
9 (RLIN) 115541
700 1# - ENTRADA AGREGADA--NOMBRE PERSONAL
Nombre de persona Fernández Collado, Diego.
9 (RLIN) 49587
852 ## - LOCALIZACIÓN
Ubicación ES-MaACL
Número de control de estantería 1824-F-16
Holdings
Estatus retirado Estado de pérdida Estado de daño No para préstamo Colección Biblioteca de origen Biblioteca actual Ubicación en estantería Fecha de adquisición Fuente de adquisición Total de préstamos Signatura topográfica completa Código de barras Visto por última vez Precio de reemplazo Tipo de ítem Koha
        Colección de folletos Biblioteca del Ateneo de Madrid Biblioteca del Ateneo de Madrid Depósito folletos 17/01/2008     1824-F-16 1022233 23/02/2023 23/02/2023 Folleto